| 000 | 01032nmc a2200349 a 4500 | ||
|---|---|---|---|
| 003 | AR-BaBNM | ||
| 005 | 20251128203948.0 | ||
| 008 | 011101s1992 ||||||||||||||000 | spa|| | ||
| 020 | _a968-853-046-8 | ||
| 040 | _cAR-BaBNM | ||
| 100 | 1 | _aLe Boulch, Jean | |
| 245 | 1 | 0 | _aLa educación por el movimiento en la edad escolar |
| 260 |
_aMéxico, D.F. _bPaidós _c1992 |
||
| 300 |
_a284 p. _bil., gráfs. |
||
| 490 | 0 |
_aPsicomotricidad y educación física _vv. 2 |
|
| 504 | _aContiene bibliografía | ||
| 650 | 4 | _aEDUCACION FISICA | |
| 650 | 4 | _aPSICOLOGIA APLICADA | |
| 650 | 4 | _aPSICOLOGIA DE LA EDUCACION | |
| 650 | 4 | _aGIMNASIA | |
| 650 | 4 | _aPSICOLOGIA EVOLUTIVA | |
| 650 | 4 | _aPSICOLOGIA DEL NINO | |
| 650 | 4 | _aDESARROLLO FISIOLOGICO | |
| 650 | 4 | _aGRUPOS DE JUEGO | |
| 653 | _aEDUCACION PRIMARIA | ||
| 653 | _aEDUCACION PARA LA SALUD | ||
| 700 | 1 |
_aRomero Brest, Enrique C. _erevisión |
|
| 700 | 1 |
_aDemmer de Greco, Susana _etraductor |
|
| 800 | 1 | _aRomero Brest, Enrique C. | |
| 942 | _cBK | ||
| 998 | _cHector | ||
| 999 |
_c5625 _d5625 |
||